Khush Kalamia / (Record no. 525152)

000 -LEADER
fixed length control field 00450nam a22001697a 4500
003 - CONTROL NUMBER IDENTIFIER
control field NUST
038 ## - RECORD CONTENT LICENSOR
Staff Name waseem
082 ## - DEWEY DECIMAL CLASSIFICATION NUMBER
Classification number 891.421
Author Mark NIS
100 ## - MAIN ENTRY--PERSONAL NAME
Personal name Javed Inam Ul Haq
9 (RLIN) 14461
245 ## - TITLE STATEMENT
Title Khush Kalamia /
Statement of responsibility, etc. Javed Inam Ul Haq
260 ## - PUBLICATION, DISTRIBUTION, ETC.
Place of publication, distribution, etc. Islamabad :
Name of publisher, distributor, etc. World Meet,
Date of publication, distribution, etc. 1992..
300 ## - PHYSICAL DESCRIPTION
Extent 192 p. ;
500 ## - GENERAL NOTE
General note Hardcover.
880 ## - ALTERNATE GRAPHIC REPRESENTATION
Linkage 100-01\r
Title انعام الحق جاوید
880 ## - ALTERNATE GRAPHIC REPRESENTATION
Linkage 245-02/r
Title خوش کلامیاں /
942 ## - ADDED ENTRY ELEMENTS (KOHA)
Source of classification or shelving scheme
Koha item type Book
Holdings
Withdrawn status Lost status Source of classification or shelving scheme Damaged status Not for loan Permanent Location Current Location Shelving location Date acquired Total Checkouts Full call number Barcode Date last seen Date last checked out Price effective from Koha item type
          Central Library (CL) Central Library (CL) Punjabi Literature 06/28/2019 1 891.421 NIS CL-E-730 03/28/2024 02/26/2020 06/28/2019 Book
© 2023 Central Library, National University of Sciences and Technology. All Rights Reserved.